| 000 -LEADER |
| fixed length control field |
01127nam a22002297a 4500 |
| 005 - DATE AND TIME OF LATEST TRANSACTION |
| control field |
20231215095948.0 |
| 008 - FIXED-LENGTH DATA ELEMENTS--GENERAL INFORMATION |
| fixed length control field |
231215s2015ru xxu||||| |||| 00| 0 rus d |
| 020 ## - INTERNATIONAL STANDARD BOOK NUMBER |
| International Standard Book Number |
9789941453892 |
| 080 ## - UNIVERSAL DECIMAL CLASSIFICATION NUMBER |
| Universal Decimal Classification number |
634.6 Э-35 |
| 245 ## - TITLE STATEMENT |
| Title |
Экология субтропических растений / |
| Statement of responsibility, etc. |
М.Ф. Харебава, Р. Копалиани, З. Гасанов, З. Микеладзе, Ш. Капанадзе. |
| 264 ## - PRODUCTION, PUBLICATION, DISTRIBUTION, MANUFACTURE, AND COPYRIGHT NOTICE |
| Place of production, publication, distribution, manufacture |
Кутаиси, |
| Date of production, publication, distribution, manufacture, or copyright notice |
2015. |
| 300 ## - PHYSICAL DESCRIPTION |
| Extent |
294 с .. |
| Other physical details |
ил, |
| Dimensions |
20см. |
| 653 ## - INDEX TERM--UNCONTROLLED |
| keyword |
Экология субтропических растений |
| 653 ## - INDEX TERM--UNCONTROLLED |
| keyword |
ეკოლოგია სუბტროპიკული მცენარეების |
| 653 ## - INDEX TERM--UNCONTROLLED |
| keyword |
მებაღეობა ზოგადად მეხილეობა |
| 700 ## - ADDED ENTRY--PERSONAL NAME |
| Personal name |
.Харебава, М.Ф |
| Relator term |
ავტორი |
| 9 (RLIN) |
20751 |
| 700 ## - ADDED ENTRY--PERSONAL NAME |
| Personal name |
Копалиани, Р. |
| Relator term |
ავტორი |
| 9 (RLIN) |
20752 |
| 700 ## - ADDED ENTRY--PERSONAL NAME |
| Personal name |
Гасанов, З. |
| Relator term |
ავტორი |
| 9 (RLIN) |
20759 |
| 700 ## - ADDED ENTRY--PERSONAL NAME |
| Personal name |
Микеладзе, З |
| Relator term |
ავტორი |
| 9 (RLIN) |
20753 |
| 700 ## - ADDED ENTRY--PERSONAL NAME |
| Personal name |
Капанадзе, Ш |
| Relator term |
ავტორი |
| 9 (RLIN) |
20754 |
| 942 ## - ADDED ENTRY ELEMENTS (KOHA) |
| Source of classification or shelving scheme |
|
| Koha item type |
წიგნი |